000 00615nam a2200229Ia 4500
003 OSt
005 20221007063511.0
006 a|||||r|||| 00| 0
007 ta
008 221006b |||||||| |||| 00| 0 eng d
024 _a16,410
037 _cTextual
040 _aFLL
_cFLL
_beng
041 _2eng
_aeng
082 _aX9:5Z2:922, G9
100 _aSingh Gopal Au.
245 0 _aLaw of mercantile usages in India
260 _aBulandshahr
_bM.Har Parshad India
_c1939
300 _axvi,355p
_ccm.
942 _hX9:5Z2:922, G9
_cTEXL
_2CC
999 _c1131402
_d1131402